000 00328 a2200145 4500
999 _c12145
_d12145
003 OSt
005 20231223164253.0
008 231223b ||||| |||| 00| 0 eng d
020 _a9788972122050
082 _a721
100 _aNF
245 _aMini building 13:
_bneighborhood living facility
260 _bA & C
942 _2ddc